Educational technology / (Record no. 123718)

MARC details
000 -LEADER
fixed length control field 00734nam a22002297a 4500
005 - DATE AND TIME OF LATEST TRANSACTION
control field 20170124105929.0
010 ## - LIBRARY OF CONGRESS CONTROL NUMBER
LC control number A-517009
020 ## - INTERNATIONAL STANDARD BOOK NUMBER
Terms of availability 00.00
International Standard Book Number 8171003885
035 ## - SYSTEM CONTROL NUMBER
System control number A-517009
037 ## - SOURCE OF ACQUISITION
Source of stock number/acquisition Cen Lib/Ret
040 ## - CATALOGING SOURCE
Original cataloging agency DPL
Language of cataloging EN
082 ## - DEWEY DECIMAL CLASSIFICATION NUMBER
Classification number 371.3078
Item number MOH
100 ## - MAIN ENTRY--PERSONAL NAME
Personal name Mohanty, Jagannath
9 (RLIN) 72071
245 ## - TITLE STATEMENT
Title Educational technology /
Statement of responsibility, etc by Jagannath Mohanty
260 ## - PUBLICATION, DISTRIBUTION, ETC. (IMPRINT)
Place of publication, distribution, etc New Delhi
Name of publisher, distributor, etc Deep and Deep Publications
Date of publication, distribution, etc 1992
270 ## - ADDRESS
Address F-159, Rajouri Garden
City New Delhi
Postal code 110027
300 ## - PHYSICAL DESCRIPTION
Extent xiii303p.
Dimensions 19cm(Hb)
500 ## - GENERAL NOTE
General note Includes bibliographical reference and index
650 ## - SUBJECT ADDED ENTRY--TOPICAL TERM
Topical term or geographic name as entry element Technology -- education
9 (RLIN) 72072
650 ## - SUBJECT ADDED ENTRY--TOPICAL TERM
Topical term or geographic name as entry element Education -- methods and media
9 (RLIN) 72073
942 ## - ADDED ENTRY ELEMENTS (KOHA)
Source of classification or shelving scheme Dewey Decimal Classification
Koha item type English Books
Classification part 371.3078
Call number suffix MOH
Holdings
Withdrawn status Lost status Damaged status Not for loan Home library Current library Date acquired Source of acquisition Cost, normal purchase price Total Checkouts Full call number Barcode Date last seen Copy number Cost, replacement price Price effective from Koha item type
        Central Library Central Library 11/06/2015 Cen Lib/Ret 0.00   371.3078 MOH A-517009 11/06/2015 1 0.00 11/06/2015 English Books

© Delhi Public Library
Hit Counter
free hit counter